000 00428nam a22001577a 4500
003 OSt
005 20251211061005.0
008 251211b |||||||| |||| 00| 0 eng d
040 _aLC
_cJCSC
050 _aJZ 5675
_b.C43 1995
100 _aP.R.Chari
245 _aindo-pak nuclear standoff :
_bThe role of the united states /
_cChari P.R.
260 _aNew delhi :
_bManohar ;
_c1995.
300 _a256 pages.
942 _2lcc
_cBK
_n0
999 _c23187
_d23186